[Event "Fajr op 06th"]
[Site "Iran"]
[Date "1997.??.??"]
[Round "6"]
[White "Dadmand, Mansour"]
[Black "Zibaei, Abdoulla"]
[Result "0-1"]
[WhiteElo "2115"]
[BlackElo "2155"]
[PlyCount "93"]
[EventDate "1997.??.??"]
[EventType "swiss"]
[EventRounds "9"]
[EventCountry "IRI"]
[SourceTitle "EXT 2003"]
[Source "ChessBase"]
[SourceDate "2002.11.25"]
[SourceVersion "1"]
[SourceVersionDate "2002.11.25"]
[SourceQuality "1"]

1. e4 e5 2. Nf3 Nc6 3. Bb5 a6 4. Ba4 Nf6 5. 0-0 Be7 6. Re1 b5 7. Bb3 Bb7 8. d4 d6 9. c3 0-0 10. Nbd2 h6 11. Nf1 Re8 12. Ng3 Bf8 13. d5 Ne7 14. a4 c6 15. axb5 axb5 16. Rxa8 Bxa8 17. dxc6 Bxc6 18. h3 Ng6 19. Qc2 Qa8 20. c4 bxc4 21. Bxc4 Rb8 22. Re3 Rc8 23. Rc3 Ne7 24. Ra3 Qb8 25. Be3 d5 26. Rb3 Qd6 27. exd5 Bxd5 28. Rc3 Bxf3 29. gxf3 Qd7 30. Kg2 Rb8 31. Ne4 Nfd5 32. Rd3 Qc6 33. Qc1 Qg6+ 34. Kh2 Nxe3 35. fxe3 Nf5 36. Rd7 Be7 37. b3 Rd8 38. Rxd8+ Bxd8 39. Bd3 Nh4 40. Qh1 f5 41. Nd2 Ba5 42. Nc4 e4 43. Ne5 Bc7 44. Bc4+ Kf8 45. f4 Bxe5 46. Qf1 Bc3 47. Qd1 0-1